| 000 | 00535nas a2200181 a 4500 | ||
|---|---|---|---|
| 001 | 000037167 | ||
| 003 | DLC | ||
| 005 | 20200930080202.0 | ||
| 008 | 120221c19519999dr fr1pdd 0 0spa d | ||
| 040 |
_aDO-SdBNP _bspa |
||
| 043 | _anwdr | ||
| 245 | 0 | 0 | _aBoletín de la Secretaría de Estado de Trabajo. |
| 260 |
_aCiudad Trujillo, República Dominicana : _bSecretaría de Estado de Trabajo _b1951. |
||
| 300 |
_av. ; _c23 cm. |
||
| 310 | _aAño 3(julio-diciembre 1951) No. 4 | ||
| 362 | _a1951 | ||
| 651 | 4 |
_aRepública Dominicana _910483 |
|
| 999 |
_c36657 _d36657 |
||